Municipalities of Pierce County, Wisconsin - Statistics

General Stats
  • This quiz has been taken 39 times
  • The average score is 11 of 27
Answers on the Map
Answers color-coded by a green-red scale on the quiz's map according to % correct below.
 
Answer Stats
Answer % Correct
City of Prescott
100%
City of River Falls
100%
Town of River Falls
100%
Census Designated Place of Diamond Bluff
80%
Town of Diamond Bluff
80%
Census Designated Place of Hager City
60%
Town of Maiden Rock
60%
Village of Bay City
60%
Village of Maiden Rock
60%
Village of Spring Valley
60%
Town of Trimbelle
40%
Village of Elmwood
40%
Village of Plum City
40%
Town of Clifton
20%
Town of Ellsworth
20%
Town of El Paso
20%
Town of Gilman
20%
Town of Isabelle
20%
Town of Martell
20%
Town of Oak Grove
20%
Town of Rock Elm
20%
Town of Salem
20%
Town of Spring Lake
20%
Town of Trenton
20%
Town of Union
20%
Village of Ellsworth
20%
Town of Hartland
0%
No matching quizzes found
Score Distribution
Percent of People with Each Score
Percentile by Number Answered
Your Score History
You have not taken this quiz